000
00205 a2200097 4500
001
7662
100
_a
Jafri, R A
245
_a
Iqbal Aur Siyasat-e-Millie
260
_a
_b
Iqbal Acd
_c
090
_c
6130
_d
6130
942
_a
NUST-CAE
_c
M
_c
32635
999
_c
242735
_d
242735